000
00413nam a2200133Ia 4500
008
151001s9999||||xx |||||||||||||| ||und||
100
_a
हरिश्चंद्र व्यास
245
_a
बढती जनसंख्या बिगडता पर्यावरण
250
_a
1
260
_b
अरुण प्रकाशन
260
_c
2001
300
_a
126
365
_b
21
999
_c
978936
_d
978933